<?xml version="1.0" encoding="UTF-8"?>
<record
    xmlns:xsi="http://www.w3.org/2001/XMLSchema-instance"
    xsi:schemaLocation="http://www.loc.gov/MARC21/slim http://www.loc.gov/standards/marcxml/schema/MARC21slim.xsd"
    xmlns="http://www.loc.gov/MARC21/slim">

  <leader>01029cam a2200265 i 4500</leader>
  <controlfield tag="001"> 82059</controlfield>
  <controlfield tag="003">BD-RjUL</controlfield>
  <controlfield tag="005">20240225130428.0</controlfield>
  <controlfield tag="008">230905s1928    ii af    b    000 0 per  </controlfield>
  <datafield tag="035" ind1=" " ind2=" ">
    <subfield code="a">(BD-RjUL) 82059</subfield>
  </datafield>
  <datafield tag="040" ind1=" " ind2=" ">
    <subfield code="a">DLC</subfield>
    <subfield code="c">DLC</subfield>
    <subfield code="d">DLC</subfield>
    <subfield code="b">eng</subfield>
  </datafield>
  <datafield tag="041" ind1="1" ind2=" ">
    <subfield code="a">engper</subfield>
  </datafield>
  <datafield tag="082" ind1=" " ind2=" ">
    <subfield code="a">954.75</subfield>
    <subfield code="2">23</subfield>
    <subfield code="b">KHM 1928</subfield>
  </datafield>
  <datafield tag="100" ind1="0" ind2=" ">
    <subfield code="a">&#x62E;&#x627;&#x646; &#x628;&#x647;&#x627;&#x62F;&#x631;,&#x639;&#x644;&#x64A; &#x645;&#x62D;&#x645;&#x62F;  ;; Khan Bahadur, Al&#x12B; Mu&#x1E25;ammad</subfield>
    <subfield code="d">1700?-</subfield>
    <subfield code="9">9398</subfield>
  </datafield>
  <datafield tag="245" ind1="1" ind2="0">
    <subfield code="a">&#x645;&#x64A;&#x631;&#x627;&#x62A; &#x627;&#x62D;&#x645;&#x62F;&#x64A;  : Mirat-i-Ahmadi  :</subfield>
    <subfield code="b">a histort of Gujarat in persian /</subfield>
    <subfield code="c">translated from the Persian of Ali Muhammad Khan by Syed Nawab Ali and Charles Norman Seddon.&#x639;&#x644;&#x64A; &#x645;&#x62D;&#x645;&#x62F; &#x62E;&#x627;&#x646; &#x628;&#x647;&#x627;&#x62F;&#x631;</subfield>
  </datafield>
  <datafield tag="250" ind1=" " ind2=" ">
    <subfield code="a">Re-issue corr.</subfield>
  </datafield>
  <datafield tag="260" ind1=" " ind2=" ">
    <subfield code="a">Baroda :</subfield>
    <subfield code="b">Oriental Institute,</subfield>
    <subfield code="c">1928.</subfield>
  </datafield>
  <datafield tag="300" ind1=" " ind2=" ">
    <subfield code="a">v.,  plates :</subfield>
    <subfield code="b">ill. ;</subfield>
    <subfield code="c">25 cm.</subfield>
  </datafield>
  <datafield tag="500" ind1=" " ind2=" ">
    <subfield code="a">Translation of Mir&#x2BC;&#x101;t-i A&#x1E25;mad&#x12B;.</subfield>
  </datafield>
  <datafield tag="504" ind1=" " ind2=" ">
    <subfield code="a">Includes bibliographical references.</subfield>
  </datafield>
  <datafield tag="505" ind1=" " ind2=" ">
    <subfield code="a">Vol. XXXIII.--Pt. 1</subfield>
  </datafield>
  <datafield tag="651" ind1=" " ind2="0">
    <subfield code="a">Ahmad&#x101;b&#x101;d (India)</subfield>
    <subfield code="x">History.</subfield>
    <subfield code="9">9400</subfield>
  </datafield>
  <datafield tag="942" ind1=" " ind2=" ">
    <subfield code="2">ddc</subfield>
    <subfield code="c">BK</subfield>
  </datafield>
  <datafield tag="999" ind1=" " ind2=" ">
    <subfield code="c">82059</subfield>
    <subfield code="d">82059</subfield>
  </datafield>
  <datafield tag="952" ind1=" " ind2=" ">
    <subfield code="0">0</subfield>
    <subfield code="1">0</subfield>
    <subfield code="2">ddc</subfield>
    <subfield code="4">0</subfield>
    <subfield code="7">1</subfield>
    <subfield code="8">NFIC</subfield>
    <subfield code="a">RUCL</subfield>
    <subfield code="b">RUCL</subfield>
    <subfield code="c">Reading</subfield>
    <subfield code="d">1997-03-11</subfield>
    <subfield code="e">USA </subfield>
    <subfield code="o">F 954.75 KHM V-33 Pt. 1.1928</subfield>
    <subfield code="r">2023-10-08 00:00:00</subfield>
    <subfield code="t">C-1</subfield>
    <subfield code="y">BK</subfield>
  </datafield>
  <datafield tag="952" ind1=" " ind2=" ">
    <subfield code="0">0</subfield>
    <subfield code="1">0</subfield>
    <subfield code="2">ddc</subfield>
    <subfield code="4">0</subfield>
    <subfield code="7">1</subfield>
    <subfield code="8">NFIC</subfield>
    <subfield code="a">RUCL</subfield>
    <subfield code="b">RUCL</subfield>
    <subfield code="c">Reading</subfield>
    <subfield code="d">1957-03-11</subfield>
    <subfield code="e">USA </subfield>
    <subfield code="l">0</subfield>
    <subfield code="o">F 954.75 KHM V-34 pt.2 1927</subfield>
    <subfield code="r">2024-02-25 00:00:00</subfield>
    <subfield code="t">C-1</subfield>
    <subfield code="w">2024-02-25</subfield>
    <subfield code="y">BK</subfield>
  </datafield>
</record>
